| 000 | 00801 a2200205 4500 | ||
|---|---|---|---|
| 010 | _aENG-89383 | ||
| 020 |
_a8178271672 _c490.00 |
||
| 035 | _aEN-72916 | ||
| 037 | _bDBAD / PUB | ||
| 082 | 1 | 4 | _a388.4 |
| 090 |
_c10831 _d10831 |
||
| 100 | 1 | _aGupta, Sudakshina | |
| 245 | 1 |
_aPassenger transport subsidy in West Bengal: _buse or misuse?/ _cby Sudakshina Gupta |
|
| 260 |
_aNew Delhi _bManak Publications _c2007 |
||
| 270 |
_aB-7, Saraswati Complex, Subhash Chowk, Laxmi Nagar, _bNew Delhi _cDelhi _e110092 _k22453894, 22042529 _mmanak_pulications@hotmail.com |
||
| 300 |
_ax, 268p. _c21 cm ( Hb.) |
||
| 500 | _aIncludes bibliographical references and index | ||
| 942 |
_adpl _cEN _k388.4 / GUP |
||
| 999 |
_c10531 _d10531 |
||